000 00798nam a2200241Ia 4500
003 OSt
005 20241122143104.0
008 210716s2006 xx 000 0 und d
020 _a8131403734
040 _cAIMIT LIBRARY
041 _aeng
082 _a001.0726583
_21
_bRAMV
245 _aEmotional labour :
_ban introduction /
_cEdited by V V Ramani and G V S Sreedhar.
250 _a1st ed.
260 _aHyderabad :
_bICFAI University Press ,
_c2006.
300 _ai,237p. ;
_bPB
_c24 cm
650 _aEmotional labour and the role IM
_9186050
650 _aThe ethics of emotional labour
_9186051
650 _aEmotional labour : management control
_9186052
700 _aRamani, V V., ed.
_9186053
700 _aSreedhar, G V S., ed.
_9186054
942 _2ddc
_cBK
_e1st
_k001.0726583 RAMV
999 _c202330
_d202330